| 000 | 01203nam a2200313 c 4500 | ||
|---|---|---|---|
| 003 | BLK | ||
| 005 | 20241026110945.0 | ||
| 008 | 180412b bul|||||r ||||||| ||bul|| | ||
| 010 | _aKNG00000795000 | ||
| 020 |
_a954-435-026-8 _bиздат.: Спектър |
||
| 040 | _aBLK | ||
| 041 |
_aBUL _cBUL |
||
| 080 |
_aБългарска литература _b821.163.2 _x-93-1 _z821.163.2-93-1 |
||
| 100 |
_aЖекова, Ангелина Иванова _d1944- _9366328 |
||
| 700 | 1 |
_aИзмирлиева, Костадинка _eхудож. _9242487 |
|
| 139 |
_aЖекова, Ангелина Иванова _bЖ 32 |
||
| 245 | 1 | 0 |
_aПразнично календарче _bСтихове за деца _cАнгелина Иванова Жекова; худож. Костадинка Измирлиева. |
| 257 | _aBGR | ||
| 260 |
_аСофия _bСпектър _c1993 |
||
| 300 |
_a32 с. _bс цв. ил. _c21 см |
||
| 380 | _aDX | ||
| 500 | _aСъдържа и Нашите празници / Е. Владимирова | ||
| 852 | _aЦб 260984 | ||
| 856 | 4 |
_qpdf _u |
|
| 856 | 4 |
_qpdf _u |
|
| 942 |
_cKNG _n0 _06 |
||
| 944 |
_aCR _c15.01.2003 _k30575 _lМартин Енчев |
||
| 944 |
_aED _c12.07.2013 _k |
||
| 999 |
_c493 _d493 |
||